000 00556nam a2200181 i 4500
001 89127
003 ES-MaACL
005 20230906180101.0
007 t|
008 050105s1968 sp ||||1| spa d
100 1 _aLange, Max.
_970022
245 1 0 _aTratado de cirugía ortopédica /
_cpor Max Lange ; [traducción, Elías Valverde Llor].
250 _a[1ª ed.].
260 _aBarcelona, etc. :
_bLabor,
_c1968.
300 _aXXIV, 993 p., 4 lám. :
_bil. ;
_c28 cm.
700 1 _aValverde Llor, Elias.
_9113018
852 _aES-MaACL
_jC-34315
_bR.65079
999 _c89127
_d89127